000
00312nam a2200133Ia 4500
005
20260328104339.0
008
260328s9999||||xx |||||||||||||| ||und||
100
_a
Hald, Arthur
245
0
_a
Artesania Artistica en Suecia /
_c
Arthur Hald
260
_b
1958
300
_a
66 p.
650
_a
VIDRIO
942
_c
BK
999
_c
12018
_d
12018